[Event "Spring Tour GM Mix A 2022"]
[Site "Cattolica"]
[Date "2022.03.12"]
[Round "4.5"]
[White "Nesterov, Arseniy"]
[Black "Dimitrov, Radoslav"]
[Result "1/2-1/2"]
[WhiteElo "2522"]
[BlackElo "2487"]
[Annotator "TA"]
[PlyCount "76"]
[EventDate "2022.03.10"]
[EventType "swiss"]
[EventCountry "ITA"]
[SourceTitle "playchess.com"]
[Source "ChessBase"]
[SourceQuality "1"]

{[%evp 10,76,29,21,13,20,27,25,11,20,16,9,18,14,8,20,21,0,21,4,11,9,18,0,-2,-9,18,-23,-26,-14,0,0,0,0,0,0,0,0,0,0,0,0,0,0,0,0,0,0,0,0,0,0,0,0,0,0,0,0,0,0,0,0,0,0,0,0,0,0,2]} 1. d4 Nf6 2. c4 b6 3. Nc3 Bb7 4. Qc2 d5 5. cxd5 Nxd5 6. e4 Nxc3 {A50: Queen's Fianchetto Defence (1 d4 Nf6 2 c4 b6).} 7. bxc3 {[%cal Bb2c3,Bc3d4,Bd4d5][%mdl 32]} e6 8. Nf3 Be7 {White has an edge.} 9. Bb5+ c6 10. Bd3 c5 11. O-O cxd4 12. cxd4 O-O 13. Bb2 Nc6 {[#]} 14. d5 $146 ({Predecessor:} 14. Qe2 Nb4 15. Bc4 Rc8 16. Rac1 Rxc4 17. Rxc4 Ba6 18. a3 Nd5 19. Rfc1 Nf6 20. Ne5 {1-0 (39) Carlsen,M (2847)-Artemiev,V (2709) chess24.com INT 2021}) 14... Nb4 15. Qc3 {[%csl Gb2][%cal Rc3g7] [#]} f6 16. Be2 Qc8 17. Qd2 {Hoping for d6.} Qc2 18. a3 (18. Qxc2 {should be considered.} Nxc2 19. Rac1) 18... Qxd2 $11 19. Nxd2 Na6 {The position is equal.} 20. dxe6 Nc5 {Prevents Nb3.} 21. Bd4 Nxe4 22. Nxe4 Bxe4 23. Bb5 Rfc8 24. Bd7 Rc4 25. Be3 Kf8 26. a4 Bb4 27. Rfd1 Bc6 28. Rac1 Rxc1 29. Rxc1 Bd5 30. Rd1 Bb7 31. Rb1 Be7 32. f3 Ba6 33. Rc1 Ba3 34. Rc6 Ke7 35. a5 Bb5 36. axb6 axb6 (36... Bxc6 $2 37. Bxc6 axb6 38. Bxa8 $18) 37. Rxb6 Bxd7 38. exd7 Rd8 {An even fight not without its subleties.  Weighted Error Value: White=0.03 (flawless) /Black=0.02 (flawless)} 1/2-1/2

[Event "Spring Tour GM Mix A 2022"]
[Site "Cattolica"]
[Date "2022.03.12"]
[Round "5.1"]
[White "Reuker, Jari"]
[Black "Nesterov, Arseniy"]
[Result "*"]
[WhiteElo "2425"]
[BlackElo "2522"]
[Annotator "TA"]
[PlyCount "63"]
[EventDate "2022.03.10"]
[EventType "swiss"]
[EventCountry "ITA"]
[SourceTitle "playchess.com"]
[Source "ChessBase"]
[SourceQuality "1"]

{[%evp 9,63,24,18,-6,-1,-8,0,-6,1,-6,-3,1,11,0,0,0,2,0,11,0,0,-1,32,24,88,50,83,94,107,121,87,87,111,104,102,59,70,41,44,30,26,20,16,6,8,6,11,9,14,0,21,0,21,21,21,9]} 1. e4 e5 2. Nf3 Nc6 3. Bb5 Nf6 {[%cal Bg8f6,Bf6e4,Be4d6][%mdl 32]} 4. O-O Nxe4 5. Re1 Nd6 6. a4 {C67: Ruy Lopez: Berlin Defence: 4 0-0 Nxe4.} Be7 {With the idea ...e4.} 7. Nc3 {Prevents e4.} a6 8. Bf1 e4 9. Nxe4 Nxe4 10. Rxe4 d5 11. Re1 Bg4 12. h3 Bh5 {[#]} 13. c3 $146 {[%cal Bc2c3,Bc3c4,Bc4c5][%mdl 32]} ({Predecessor:} 13. Be2 O-O 14. d4 Bd6 15. Ne5 Bxe2 16. Rxe2 Nxe5 17. dxe5 Be7 18. Rd2 c6 19. c4 {½-½ (49) Harikrishna,P (2717)-So,W (2772) Berlin 2022}) 13... d4 14. Bd3 O-O 15. Be4 Bc5 16. b4 Bb6 (16... Bd6 $11 {keeps the balance.}) 17. Ba3 {Hoping for a5.} Re8 {[#]} 18. c4 $1 Qf6 {[%cal Od4d3]} 19. c5 Ba7 {[%cal Od4d3]} 20. Qc2 (20. Qb3 {keeps more tension.} Rab8 21. Rac1 h6 22. Kf1 Re6 23. g4) 20... Bg6 {And now ...Rxe4 would win.} 21. Bxg6 (21. Rac1 {is more complex.} Rad8 22. Bxg6 hxg6 23. Rxe8+ Rxe8 24. b5) 21... hxg6 22. b5 (22. Qb3 $16) 22... Ne5 $1 $14 23. Nxe5 Rxe5 24. Rxe5 (24. bxa6 {with more complications.} bxa6 25. Rxe5 Qxe5 26. Qc4 d3 27. Rc1) 24... Qxe5 25. bxa6 d3 {The position is equal.} 26. Qb2 Qxb2 27. Bxb2 bxa6 $11 {KRB-KRB} 28. Bd4 Rb8 {Inhibits Rb1.} 29. Ra3 Rb1+ 30. Kh2 Rb4 31. Rxd3 {[#] aiming for Be3.} Rc4 32. Be3 {Weighted Error Value: White=0.08 (flawless) /Black=0.10 (very precise)} *

[Event "Spring Tour GM Mix A 2022"]
[Site "Cattolica"]
[Date "2022.03.12"]
[Round "5.2"]
[White "Park, Evan"]
[Black "Deuer, Marius"]
[Result "*"]
[WhiteElo "2296"]
[BlackElo "2304"]
[Annotator "TA"]
[PlyCount "45"]
[EventDate "2022.03.10"]
[EventType "swiss"]
[EventCountry "ITA"]
[SourceTitle "playchess.com"]
[Source "ChessBase"]
[SourceQuality "1"]

{[%evp 13,45,28,51,55,91,13,13,11,10,16,19,14,14,28,19,14,20,15,15,18,22,24,18,9,16,4,10,0,0,0,0,0,0,0]} 1. e4 c6 {[%cal Bc7c6,Bc6c5][%mdl 32]} 2. d4 d5 3. e5 Bf5 4. Nf3 e6 5. Be2 c5 6. Be3 Qb6 7. Nc3 Nc6 (7... Qxb2 8. Nb5 $16) 8. O-O {B12: Caro-Kann: Advance Variation.} Qxb2 9. Qe1 ({Better is} 9. Nb5 $16) 9... cxd4 $11 ({Don't do} 9... Bxc2 10. dxc5 Bg6 11. a3 $16) 10. Bxd4 Nxd4 (10... Qxc2 $2 11. Rc1 Qb2 {[#]} 12. Nxd5 $1 {[%mdl 512]} Qxc1 13. Nc7+ Kd7 14. Qxc1 $18) (10... Bxc2 $2 11. Nb5 Nxd4 12. Nfxd4 $18) 11. Nxd4 Bb4 12. Rb1 {[%cal Ba1b1,Bb1b2,Bb2d2][%mdl 32]} Bxc3 {A strong pair of Bishops.} 13. Rxb2 Bxe1 14. Rxe1 {[#] aiming for g4.} b6 $1 15. h4 {g4 is the strong threat.} h5 {Prevents g4.} 16. Nxf5 exf5 17. c4 Ne7 18. Rd2 {The position is equal.} O-O-O 19. Red1 {[%cal Rc4d5]} d4 {[#]} 20. Rxd4 $146 ({Predecessor:} 20. f4 Ng6 21. g3 Nf8 22. Rxd4 Rxd4 23. Rxd4 Ne6 24. Rd6 g6 25. Bf3 Rd8 26. Rc6+ {½-½ (54) Navara,D (2699)-Duda,J (2756) Terme Catez 2021}) 20... Nc6 21. Rxd8+ Rxd8 22. f4 g6 23. Kf2 {Weighted Error Value: White=0.12 (very precise) /Black=0.04 (flawless)} *

[Event "Spring Tour GM Mix A 2022"]
[Site "Cattolica"]
[Date "2022.03.12"]
[Round "5.3"]
[White "Vaishali R"]
[Black "Van Foreest, Lucas"]
[Result "1/2-1/2"]
[WhiteElo "2403"]
[BlackElo "2563"]
[Annotator "TA"]
[PlyCount "82"]
[EventDate "2022.03.10"]
[EventType "swiss"]
[EventCountry "ITA"]
[SourceTitle "playchess.com"]
[Source "ChessBase"]
[SourceQuality "1"]

{[%evp 12,82,32,31,50,42,38,27,45,44,41,36,39,28,43,44,45,47,64,56,65,67,100,93,111,109,109,104,83,79,132,84,72,67,91,90,96,93,79,87,103,93,97,0,95,0,110,90,98,104,99,0,99,0,99,106,103,61,73,75,66,53,121,114,252,99,98,79,139,104,111,97,125]} 1. e4 d6 2. d4 Nf6 3. Nc3 e5 4. Nf3 Nbd7 5. Bc4 Be7 6. O-O O-O 7. a4 $1 {[%mdl 4] is currently scoring better than 7.Re1.} h6 {C41: Philidor Defence.} 8. h3 Re8 9. a5 c6 {White has an edge.} 10. Re1 Qc7 11. Ba2 Nf8 12. Be3 exd4 13. Nxd4 Ng6 14. f4 Bf8 15. Qf3 {[#]} Bd7 $146 ({Predecessor:} 15... a6 16. Bf2 Bd7 17. g4 c5 18. Nf5 Bc6 19. h4 d5 20. exd5 Bd7 21. Bg3 Bxf5 22. gxf5 {0-1 (81) Maenhout,T (2376)-Hopman,P (2335) Belgium 2020}) 16. Qg3 {Strongly threatening Qxg6.} Nh8 17. Bf2 Rac8 18. Bb3 b5 {Hoping for ...b4.} 19. axb6 $1 axb6 20. Nf3 $1 Be6 (20... Qd8 $142) 21. f5 (21. Bxe6 $142 fxe6 22. e5 dxe5 23. fxe5 (23. Nxe5 Nf7 $16)) 21... Bxb3 $16 22. cxb3 Nd7 23. b4 b5 24. Ra7 Qd8 25. Rea1 Rc7 26. R7a6 Rc8 27. Ra7 Rc7 $1 28. R7a6 Rc8 $1 29. Rd1 Qe7 30. Ra7 {[%cal Oe4e5] aiming for e5!} Qd8 31. Ra6 Qe7 $1 32. Ra7 {[%cal Oe4e5] Black must now prevent e5!} Qd8 $1 33. Be3 Kh7 34. Kh1 ({Better is} 34. Qf2 $16) 34... Ra8 $14 35. Rxa8 {White is much more active.} Qxa8 36. Bf4 $36 {[%mdl 2048] White is pushing.} Nf6 {[#]} (36... Ne5 $1 $14) 37. Qh4 $1 $16 Be7 (37... Nxe4 $2 38. Nxe4 f6 39. Bxd6 $18) (37... d5 $16) 38. Qf2 $2 (38. Bxd6 $18 {and the rest is easy.} Bxd6 39. Rxd6 Qa1+ 40. Kh2 Qxb2 {[#]} 41. e5 $1 (41. Rxc6 Qxb4 42. Qg3 Nxe4 $16) 41... Qxc3 42. exf6 gxf6 43. Rxf6) 38... Rd8 39. Qb6 Rd7 (39... c5 $142) 40. Qe3 Bf8 41. g4 c5 {Weighted Error Value: White=0.23 (precise) /Black=0.12 (very precise)} 1/2-1/2

[Event "Spring Tour GM Mix A 2022"]
[Site "Cattolica"]
[Date "2022.03.12"]
[Round "5.4"]
[White "Moksh Amit Doshi"]
[Black "Kanyamarala, Tarun"]
[Result "1-0"]
[WhiteElo "2396"]
[BlackElo "2343"]
[Annotator "TA"]
[PlyCount "91"]
[EventDate "2022.03.10"]
[EventType "swiss"]
[EventCountry "ITA"]
[SourceTitle "playchess.com"]
[Source "ChessBase"]
[SourceQuality "1"]

{[%evp 11,91,19,16,27,22,5,12,12,10,24,10,10,17,24,33,4,14,10,7,9,13,16,16,0,25,10,51,33,29,18,6,0,4,-35,-25,-23,0,0,32,-15,397,414,489,412,522,529,529,510,529,511,437,437,426,404,416,418,656,639,608,406,400,379,377,341,477,479,610,585,632,545,819,806,808,808,919,915,955,942,968,929,976,950]} 1. Nf3 d5 2. d4 Nf6 3. c4 e6 4. Nc3 Bb4 5. Qa4+ Nc6 6. e3 O-O 7. Qc2 {D38: Queen's Gambit Declined: Ragozin Defence (4 Nf3 Bb4).} Re8 8. Bd2 a6 9. a3 {The position is equal.} Bd6 10. h3 h6 11. Rd1 Bd7 12. c5 Bf8 13. Be2 {[#]} b6 $146 ({Predecessor:} 13... e5 14. O-O Qc8 15. Bc1 Bf5 16. Qb3 e4 17. Nh4 Be6 18. f3 Ne7 19. fxe4 Nxe4 20. Nxe4 dxe4 {1-0 (35) Keymer,V (2664)-Giri,A (2772) chess24.com INT 2022}) 14. b4 e5 15. O-O bxc5 16. bxc5 Qc8 17. Bc1 e4 18. Nh2 Bf5 (18... Ne7 $11) 19. Qa2 Qd7 20. f3 exf3 21. Rxf3 Ne4 22. Bd2 Nxc3 23. Bxc3 Be4 24. Rf4 f5 25. Rdf1 (25. Nf1 $14 {should be considered.}) 25... Be7 $2 {[%mdl 8192] [#] Black cannot hold the game after this.} (25... g6 $11 {and Black has nothing to worry.}) 26. Rxe4 $1 $18 {[%mdl 512]} fxe4 (26... Rf8 27. Ref4) 27. Bg4 {[%cal Be2g4,Bg4d1,Bd1b3][%mdl 32]} Nb4 28. axb4 ({Less strong is} 28. Bxd7 Nxa2 29. Bd2 Red8 30. Be6+ Kh7 $16) 28... Qc6 29. Bd1 Rf8 30. Rxf8+ Rxf8 31. Bb3 Rd8 32. Ng4 Bg5 33. Bd2 {Ne5 is the strong threat.} Kh7 (33... Bh4 $142 34. Kh2 Kh7) 34. Ne5 Qe6 35. Qc2 Bf6 36. Ng4 Bg5 37. Qd1 Rf8 38. Ne5 {White is clearly winning.} c6 39. Qg4 Qf6 {And now ...Qf2+ would win.} 40. Qe2 {Prevents Qf2+. Black must now prevent Nd7.} Bh4 41. Be1 {Prevents Bg3.} Bxe1 42. Qxe1 Qg5 43. h4 Qh5 44. Nxc6 g5 45. hxg5 Qxg5 46. Ne5 {Weighted Error Value: White=0.12 (very precise) /Black=0.46} 1-0

[Event "Spring Tour GM Mix A 2022"]
[Site "Cattolica"]
[Date "2022.03.12"]
[Round "5.5"]
[White "Gumularz, Szymon"]
[Black "Popov, Artem G."]
[Result "*"]
[WhiteElo "2539"]
[BlackElo "1353"]
[Annotator "TA"]
[PlyCount "37"]
[EventDate "2022.03.10"]
[EventType "swiss"]
[EventCountry "ITA"]
[SourceTitle "playchess.com"]
[Source "ChessBase"]
[SourceQuality "1"]

{[%evp 21,37,16,10,22,14,10,38,11,53,8,9,14,21,15,7,6,5,14]} 1. e4 e5 2. Nf3 Nf6 3. Nxe5 d6 4. Nf3 Nxe4 5. d4 d5 6. Bd3 Bd6 7. O-O O-O 8. c4 c6 9. Nc3 Nxc3 10. bxc3 dxc4 11. Bxc4 Bf5 12. Bg5 {C42: Petroff Defence: 3 Nxe5 and unusual White 3rd moves.} Qa5 13. d5 {[#] Threatens to win with dxc6.} Qc5 14. Bb3 {And now Be3 would win. White is slightly better.} cxd5 15. Be3 (15. Bxd5 $14 Nc6 16. Be3) 15... Qc7 $11 {The position is equal.} 16. Qxd5 Be6 {[#]} 17. Qe4 $146 ({Predecessor:} 17. Qh5 Bxb3 18. axb3 Qxc3 19. Bd4 Qc2 20. Rfc1 Qg6 21. Qxg6 hxg6 22. Bxa7 Nc6 23. Be3 {½-½ (57) Karjakin,S (2752)-Esipenko,A (2686) Moscow 2020}) 17... Bxb3 18. axb3 {Ng5 is the strong threat.} Nd7 19. Rfd1 {Weighted Error Value: White=0.16 (very precise) /Black=0.03 (flawless)} ({But not} 19. Rxa7 Rxa7 20. Bxa7 b6 $15) *

[Event "Spring Tour GM Mix A 2022"]
[Site "Cattolica"]
[Date "2022.03.13"]
[Round "6.1"]
[White "Reuker, Jari"]
[Black "Dimitrov, Radoslav"]
[Result "0-1"]
[WhiteElo "2425"]
[BlackElo "2487"]
[Annotator "TA"]
[PlyCount "68"]
[EventDate "2022.03.10"]
[EventType "swiss"]
[EventCountry "ITA"]
[SourceTitle "playchess.com"]
[Source "ChessBase"]
[SourceQuality "1"]

{[%evp 13,68,52,35,-24,-28,-25,-31,-14,-28,-34,-15,-18,-19,-38,-12,-11,-7,-9,-5,-7,0,-28,-27,-33,-35,-35,-40,-50,-17,-16,-14,-158,-149,-214,-204,-749,-753,-718,-723,-1022,-1018,-1014,-1015,-967,-979,-966,-933,-907,-858,-29991,-29992,-29992,-2936,-29996,-29993,-29997,-29998]} 1. e4 c5 2. Nf3 Nc6 3. d4 cxd4 4. Nxd4 e5 5. Nb5 a6 6. Nd6+ Bxd6 7. Qxd6 Qe7 $1 {[%mdl 4] is now more promising than 7...Qf6.} 8. Qc7 {B32: Sicilian: Löwenthal and Kalashnikov Variations.} ({White should try} 8. Qd1 $14) 8... d5 $1 $11 9. Qxe7+ Ngxe7 10. exd5 {Black is slightly better.} Nxd5 11. c3 {To avoid Nd4} Bf5 {[#]} 12. g3 $146 ({Predecessor:} 12. Bc4 O-O-O 13. O-O f6 14. b4 b5 15. Bxd5 Rxd5 16. a4 Rhd8 17. Na3 Bd3 18. Re1 bxa4 {1-0 (76) Kral,P (2110)-Burinda,G (1974) Hungary 2016}) 12... O-O-O 13. Be2 e4 14. O-O Bh3 15. Rd1 Ne5 16. Nd2 Nf6 17. f4 Nd3 18. Nc4 Bg4 19. Bxg4+ Nxg4 {Pair of Knights!} 20. h3 $1 b5 {[#] Hoping for ...Ngf2.} 21. hxg4 {Threatens to win with Ne3.} bxc4 22. b3 (22. Be3 $11 {keeps the balance.}) 22... h5 $36 {[%mdl 2048] Black is really pushing. Black is more active.} 23. g5 (23. Be3 $17) 23... h4 $19 24. Kh2 (24. g4 h3 25. Be3) 24... hxg3+ 25. Kxg3 Rh5 {[#] aiming for ...Rdh8.} 26. f5 Rdh8 {...Rh3+ is the strong threat.} 27. Rf1 Rh3+ 28. Kg2 Rh2+ 29. Kg3 e3 {[%cal Be4e3,Be3e2][%mdl 32]} 30. Ba3 e2 {Strongly threatening ...R8h3+.} 31. Rg1 R8h3+ 32. Kg4 Re3 (32... Nf2+ $142 33. Kf4 Rd3 34. Rg4 Rd1 35. Rg1 Nh3+ 36. Ke5 Nxg1 37. Rxd1 exd1=Q 38. Bc5 Re2+ 39. Kf4 Qf1+ 40. Bf2 Qxf2+ 41. Kg4 Qf3+ 42. Kh4 Qh3#) 33. Bd6 Nf2+ 34. Kf4 Rhh3 {Weighted Error Value: White=0.84/Black=0.24 (precise)} 0-1

[Event "Spring Tour GM Mix A 2022"]
[Site "Cattolica"]
[Date "2022.03.13"]
[Round "6.2"]
[White "Deuer, Marius"]
[Black "Popov, Artem G."]
[Result "1/2-1/2"]
[WhiteElo "2304"]
[BlackElo "1353"]
[Annotator "TA"]
[PlyCount "48"]
[EventDate "2022.03.10"]
[EventType "swiss"]
[EventCountry "ITA"]
[SourceTitle "playchess.com"]
[Source "ChessBase"]
[SourceQuality "1"]

{[%evp 9,48,10,21,7,22,6,20,20,52,53,43,44,46,48,47,56,53,48,75,50,50,50,49,50,50,46,66,47,55,60,56,23,21,23,25,16,20,-12,0,-20,-26]} 1. d4 d5 2. c4 e6 3. Nc3 Bb4 4. Qa4+ Nc6 5. e3 Nf6 6. Bd2 {E40: Nimzo-Indian: Rubinstein (4 e3): Unusual Black 4th moves.} O-O 7. a3 Bxc3 8. Bxc3 e5 {[#]} 9. dxe5 $146 ({Predecessor:} 9. Nf3 exd4 10. Nxd4 Ne5 11. Nf3 Nxc4 12. Bxc4 dxc4 13. Rd1 Nd5 14. Qxc4 Be6 15. Qd4 Nxc3 16. Qxc3 {½-½ (57) Mirzoev,A (2547)-Haslinger,S (2535) Seville 2013}) 9... Ne4 10. Rd1 Nxc3 11. bxc3 Nxe5 12. cxd5 Qd6 13. Be2 Qg6 14. g3 Bf5 {[#] Strongly threatening ...Bc2.} 15. Qd4 Rfe8 {[%cal Bf8e8,Be8e4,Be4a4,Ba4a6,Ba6a3][%mdl 32]} 16. Nf3 Nxf3+ 17. Bxf3 Bc2 18. Rd2 Be4 19. Bxe4 Rxe4 20. Qd3 (20. Qc5 $5 {[%cal Rc5c7]}) 20... Ra4 $1 21. Qb5 {[%csl LRa4,LRb7]} Qa6 22. Qxa6 (22. c4 $5) 22... Rxa6 {The position is equal.} 23. O-O Rxa3 24. Rb1 b6 {Weighted Error Value: White=0.08 (flawless) /Black=0.04 (flawless)} 1/2-1/2

[Event "Spring Tour GM Mix A 2022"]
[Site "Cattolica"]
[Date "2022.03.13"]
[Round "6.3"]
[White "Begmuratov, Khumoyun"]
[Black "Moksh Amit Doshi"]
[Result "0-1"]
[WhiteElo "2358"]
[BlackElo "2396"]
[Annotator "TA"]
[PlyCount "27"]
[EventDate "2022.03.10"]
[EventType "swiss"]
[EventCountry "ITA"]
[SourceTitle "playchess.com"]
[Source "ChessBase"]
[SourceQuality "1"]

{[%evp 9,10,6,22]} 1. e4 e6 2. d4 d5 3. exd5 exd5 4. Bd3 Bd6 5. Nf3 Nc6 {[%mdl 32768] [#] Loss on time!?} {Predecessor:} 6. h3 $146 {C01: French: Exchange Variation.} Nge7 7. O-O Nb4 8. Bb5+ c6 9. Be2 Bf5 10. Na3 a5 11. c3 Na6 12. Nc2 Nc7 13. Ne3 Be4 14. Ng5 {0-1 (53) Kovalev,V (2623)-Maghsoodloo,P (2701) Abu Dhabi 2021} 0-1

[Event "Spring Tour GM Mix A 2022"]
[Site "Cattolica"]
[Date "2022.03.13"]
[Round "6.4"]
[White "Van Foreest, Lucas"]
[Black "Kamalidenova, Meruert"]
[Result "0-1"]
[WhiteElo "2563"]
[BlackElo "2362"]
[Annotator "TA"]
[PlyCount "138"]
[EventDate "2022.03.10"]
[EventType "swiss"]
[EventCountry "ITA"]
[SourceTitle "playchess.com"]
[Source "ChessBase"]
[SourceQuality "1"]

{[%evp 16,138,8,14,23,6,44,22,52,49,47,27,25,29,58,25,50,34,76,37,34,33,75,75,70,56,66,33,38,32,37,49,38,43,40,37,31,0,0,0,0,-3,-3,-5,-5,-5,-7,0,0,-139,-155,-136,-142,-150,-103,-178,-135,-140,-164,-135,-127,-225,-125,-189,-152,-152,-157,-175,-173,-134,-96,-96,-93,-93,-45,-45,-45,-45,-47,-47,-58,-50,-4,-236,-235,-243,-245,-305,-305,-266,-268,-293,-250,-333,-333,-437,-421,-441,-280,-475,-454,-597,-572,-689,-648,-693,-686,-667,-643,-676,-658,-1502,-1818,-2758,-1239,-1940,-1233,-2102,-1921,-1687,-591,-4941,-4926,-4134,-516]} 1. Nf3 Nf6 2. b3 d5 3. Bb2 g6 4. c4 dxc4 5. bxc4 Bg7 6. g3 O-O 7. Bg2 c5 8. O-O Nc6 9. d3 Be6 {A05: Réti Opening: 1 Nf3 Nf6.} 10. Nbd2 Rc8 11. Ne5 Nxe5 {The position is equal.} 12. Bxe5 Qd7 {[#]} 13. Re1 $146 ({Predecessor:} 13. Qb3 b6 14. Qb2 Bh3 15. a4 Bxg2 16. Kxg2 Qc6+ 17. Kg1 Qe6 18. a5 Rc6 19. Nf3 {1-0 (53) Haznedaroglu,K (2466)-Firat,B (2474) Antalya 2020}) 13... Bh3 14. Bh1 b6 15. Qb3 (15. a4 {seems wilder.} Bh6 16. a5 Ng4 17. Bb2 Qe6 18. Ne4) 15... Qf5 16. Nf3 Bg4 (16... Nd7 $14 17. Bxg7 Kxg7) 17. Bc3 Bxf3 18. Bxf3 e5 (18... Ne8 $14) 19. Qb2 $16 Rfe8 20. Kg2 Rcd8 21. a4 e4 $1 22. dxe4 Nxe4 23. Bxg7 {This bishop pair is nice.} Rd2 $1 24. Qb5 Nd6 {[%cal Be4d6,Bd6c4,Bc4b2][%mdl 32]} 25. Qb3 ({But not} 25. g4 Qe6 26. Qb3 Kxg7 27. Qc3+ Rd4 $15) 25... Kxg7 26. Qc3+ Rd4 {[%cal Bd2d4,Bd4d8,Bd8e8,Be8e4][%mdl 32]} 27. e3 Qd3 28. Qb2 $132 {[%mdl 2048] [#] White is not keeping still} Nxc4 $1 29. Qb5 Rdd8 {Black wants to play ...Ne5.} 30. Rad1 $1 {[#]} a6 $1 31. Qxe8 Qxd1 32. Bxd1 (32. Rxd1 $11 Rxe8 33. Rb1) 32... Rxe8 $11 {[%mdl 4096] Endgame KRB-KRN} 33. Be2 Nb2 34. Bxa6 Nxa4 (34... Re4 $142 35. Bb5 Nxa4) 35. Bb5 (35. Rb1 $17 {is a better defense.}) 35... Re4 $19 36. Bc6 Rb4 37. Ra1 Nc3 38. Kf3 (38. f4 $17) 38... Nb5 (38... Rb2 $19 {Threatens to win with ...b5.} 39. g4 Rd2) 39. Ra6 (39. g4 $17 {might work better.}) 39... Nd6 40. Bd5 c4 41. e4 c3 42. Ke3 c2 43. Kd2 Nxe4+ 44. Kxc2 Nxf2 (44... Rd4 $1 $17 {[%cal Rd4d5]} 45. Bxe4 Rxe4) 45. Ra7 $15 Ng4 {Hoping for ...Ne3+.} 46. Rxf7+ Kh6 {And now ...Ne3+ would win.} 47. Kc3 Rb5 48. Be6 Nxh2 (48... Ne5 $15 49. Ra7 Ra5) 49. Rb7 $2 {[#] White does not recover from this.} (49. Rf2 $11 {and White is okay.}) 49... Nf3 $1 $19 50. Bg8 {[#]} Ng5 51. Kd3 Kh5 52. Bc4 Rb2 53. Kc3 Rg2 54. Rxb6 Rxg3+ 55. Kd4 Nf3+ 56. Kd5 Kg4 57. Bd3 $2 (57. Ke6) 57... Nh4 {Black is clearly winning.} 58. Be4 Kg5 59. Ke5 h5 60. Rb8 Re3 {Strongly threatening ...Nf5.} 61. Kd4 Ra3 62. Rb5+ Nf5+ 63. Ke5 Re3 {...h4 is the strong threat.} 64. Kd5 h4 (64... Kf4 $142 65. Bxf5 Re5+ 66. Kc6 Rxb5) 65. Rb8 h3 {[%cal Oe3e4]} 66. Rh8 Nh4 {[%cal Oe3e4]} 67. Ra8 h2 (67... Kf4 $142 68. Ra4 g5 69. Bh1+ Kg3) 68. Ra1 Nf5 {[%cal Oe3e4] ( -> ...Rxe4!)} 69. Bg2 Rg3 {Weighted Error Value: White=0.36/Black=0.14 (very precise)} (69... Re2 $142 70. Bf3 Re3) 0-1

[Event "Spring Tour GM Mix A 2022"]
[Site "Cattolica"]
[Date "2022.03.13"]
[Round "6.5"]
[White "Nesterov, Arseniy"]
[Black "Gumularz, Szymon"]
[Result "1/2-1/2"]
[WhiteElo "2522"]
[BlackElo "2539"]
[Annotator "TA"]
[PlyCount "32"]
[EventDate "2022.03.10"]
[EventType "swiss"]
[EventCountry "ITA"]
[SourceTitle "playchess.com"]
[Source "ChessBase"]
[SourceQuality "1"]

{[%evp 22,23,0,0]} 1. d4 d5 2. c4 c6 3. cxd5 cxd5 4. Nc3 Nf6 5. Nf3 Nc6 6. Bf4 Bf5 7. e3 e6 8. Bd3 Bxd3 9. Qxd3 Bd6 10. Bxd6 Qxd6 11. O-O O-O 12. Rfc1 {[#]} {Predecessor:} Rfc8 $146 {D14: Slav Defence: Exchange variation with ...Bf5.} 13. Ne2 Ne7 14. Nc3 Nc6 15. Ne2 Ne7 16. Nc3 Nc6 {½-½ (16) Amin,B (2695)-Adly,A (2615) Tornelo INT 2021} 1/2-1/2

[Event "Spring Tour GM Mix A 2022"]
[Site "Cattolica"]
[Date "2022.03.13"]
[Round "7.1"]
[White "Dimitrov, Radoslav"]
[Black "Song, Julien"]
[Result "1/2-1/2"]
[WhiteElo "2487"]
[BlackElo "2352"]
[Annotator "TA"]
[PlyCount "32"]
[EventDate "2022.03.10"]
[EventType "swiss"]
[EventCountry "ITA"]
[SourceTitle "playchess.com"]
[Source "ChessBase"]
[SourceQuality "1"]

{[%evp 14,15,0,-17]} 1. e4 e6 2. d4 d5 3. exd5 exd5 4. Bd3 Bd6 5. Ne2 Ne7 6. Bf4 O-O 7. O-O Bf5 8. Nbc3 {[#]} {Predecessor:} c6 $146 {C01: French: Exchange Variation.} 9. Bxf5 Nxf5 10. Qd3 g6 11. Bxd6 Qxd6 12. Ng3 Nxg3 13. hxg3 Nd7 14. Rfe1 Rfe8 15. Re3 Rxe3 16. Qxe3 Nf6 {½-½ (47) Mammadova,G (2382)-Hou,Y (2658) Chess.com INT 2021} 1/2-1/2